000 00540nam a2200193 i 4500
001 40500
003 ES-MaACL
005 20231212062535.0
007 t|
008 030306s1984 sp ||||1| spa d
100 1 _aCaro Baroja, Julio,
_d1914-1995
_935403
245 1 3 _aEl laberinto vasco /
_cJulio Caro Baroja.
260 _aSan Sebastián :
_bTxertoa,
_c[1984]
300 _a192 p. ;
_c20 cm.
490 1 _aEstudios vascos
830 0 _aEstudios vascos
_9181860
852 _aES-MaACL
_jL-6257
_bR.106910
999 _c40500
_d40500